000
00305nam a22001337a 4500
999
_c
528276
_d
528276
003
NUST
038
_a
MSOHAIL
082
_a
658.46
_b
TWB
100
_a
The Worldbank
_9
19945
245
_a
Guidlines and procurement
260
_a
Washington
_b
The Worldbank
_c
2004
300
_a
59,p:
_c
27cm
942
_2
ddc
_c
BK